000
00298nam a2200133Ia 4500
008
230312s9999||||xx |||||||||||||| ||und||
082
_a
302.35
_b
CIM-O
100
_a
Cima
245
0
_a
Organizational Management
260
_b
Kaplan
_a
uk
_c
2014
300
_a
504
650
_a
Management
942
_c
BK
999
_c
4574
_d
4574